=LDR 00000nam 2200000 4500 =001 INLIS000000000035031 =005 20130612140921 =008 ***********************************Ind** =035 ##$$0010-061300000035031 =041 ##$$a Ind =082 ##$$a 378 =090 ##$$a 378, Sya i =100 ##$$a Syafiie Inu Kencana =245 ##$$a IPDN Undercrover, Sebuah Kesaksian Bernurani, Inu Kencana Syafiie =260 ##$$a 2007 $b Bandung =300 ##$$a xxiv,282 hlm., ilus, 21 cm =650 ##$$a Pendidikan Tinggi =850 ##$$a NBPNMAT